000 004790000a22001810004500
003 MACL
005 20160228123903.0
008 160228b xxu||||| |||| 00| 0 eng d
040 _aMACL
_cMACL
041 _aHindi
082 _a800
100 _aअमृतराय
_940801
245 _aविविध प्रसंग
260 _bहंस प्रकाशन
_c1962
_aइलाबाद
350 _a8
650 _aLiterature
_941196
942 _cHIN
_k800
_2ddc
999 _c25801
_d25801